Natural resources and national problems, (Record no. 26649)

MARC details
000 -LEADER
fixed length control field 00734cam a22002291 4500
001 - CONTROL NUMBER
control field gs 28000241
003 - CONTROL NUMBER IDENTIFIER
control field DLC
005 - DATE AND TIME OF LATEST TRANSACTION
control field 20260227111332.0
008 - FIXED-LENGTH DATA ELEMENTS--GENERAL INFORMATION
fixed length control field 790117s1928 dcua b 000 0 eng c
010 ## - LIBRARY OF CONGRESS CONTROL NUMBER
LC control number gs 28000241
035 ## - SYSTEM CONTROL NUMBER
System control number (OCoLC)4557759
040 ## - CATALOGING SOURCE
Original cataloging agency Library, U. S. Geological Survey
Transcribing agency GAT
Modifying agency OCoLC
-- DLC
042 ## - AUTHENTICATION CODE
Authentication code premarc
050 00 - LIBRARY OF CONGRESS CALL NUMBER
Classification number HC106.3
Item number .P35
100 1# - MAIN ENTRY--PERSONAL NAME
Personal name Payne, Henry Mace.
245 10 - TITLE STATEMENT
Title Natural resources and national problems,
Statement of responsibility, etc. by Henry Mace Payne.
260 ## - PUBLICATION, DISTRIBUTION, ETC.
Place of publication, distribution, etc. Washington, D.C.,
Name of publisher, distributor, etc. American Mining Congress,
Date of publication, distribution, etc. 1928.
300 ## - PHYSICAL DESCRIPTION
Extent vii, 63 p.
Other physical details tables.
Dimensions 20 cm.
504 ## - BIBLIOGRAPHY, ETC. NOTE
Bibliography, etc. note Bibliographical references at end of chapters.
650 #0 - SUBJECT ADDED ENTRY--TOPICAL TERM
Topical term or geographic name entry element Natural resources.
651 #0 - SUBJECT ADDED ENTRY--GEOGRAPHIC NAME
Geographic name United States
General subdivision Economic conditions.

No items available.

Powered by Koha